00629nam a22002057a 4500003000500000005001700005008004100022010001000063011001000073035001000083040000900093082001500102100002900117245005300146260005600199300001100255490006300266650003100329830006300360CHAP20220329133957.0971013s1978 us r 00010 eng d a13506 a14478 a18552 cCHAP04a630.16bB400aBebee, Charles N.ecomp.1 aBibliography of agricultural bibliographies 1977 aBeltsville, Md. :bDepartment of Agriculture,c1978 a343 p. aBibliographies and Literature of Agriculturev; BLA-1/197714aAgriculturaxBibliografia.0 aBibliographies and Literature of Agriculturev; BLA-1/1977